Anotaciones biográficas de San Cristóbal / (Registro nro. 12902)

Detalles MARC
000 -LEADER
fixed length control field 00760nam a2200229 a 4500
001 - CONTROL NUMBER
control field
003 - CONTROL NUMBER IDENTIFIER
control field DO-SdBNP
005 - DATE AND TIME OF LATEST TRANSACTION
control field 20230327122300.0
008 - FIXED-LENGTH DATA ELEMENTS--GENERAL INFORMATION
fixed length control field 090703s1996 dr 000 0 spa d
020 ## - INTERNATIONAL STANDARD BOOK NUMBER
International Standard Book Number 9768156082
040 ## - CATALOGING SOURCE
Original cataloging agency DO-SdBNP
Language of cataloging spa
Transcribing agency BPMSU
082 #4 - DEWEY DECIMAL CLASSIFICATION NUMBER
Classification number R920.97293
Item number N714p 1996
Edition number 22
100 1# - MAIN ENTRY--PERSONAL NAME
Personal name Nina, Juan B.
245 10 - TITLE STATEMENT
Title Anotaciones biográficas de San Cristóbal /
Statement of responsibility, etc. Juan B. Nina.
260 ## - PUBLICATION, DISTRIBUTION, ETC. (IMPRINT)
Place of publication, distribution, etc. Santo Domingo :
Name of publisher, distributor, etc. Librería la Trinitaria
Date of publication, distribution, etc. 1996
300 ## - PHYSICAL DESCRIPTION
Extent 1996 p. ;
Dimensions 21 cm.
650 #4 - SUBJECT ADDED ENTRY--TOPICAL TERM
Topical term or geographic name as entry element Políticos
Geographic subdivision San Cristóbal (República Dominicana)
Form subdivision Biografías
650 #4 - SUBJECT ADDED ENTRY--TOPICAL TERM
Topical term or geographic name as entry element Médicos
Geographic subdivision San Cristóbal (República Dominicana)
Form subdivision Biografías
650 #4 - SUBJECT ADDED ENTRY--TOPICAL TERM
Topical term or geographic name as entry element Escritores
Geographic subdivision San Cristóbal (República Dominicana)
Form subdivision Biografías
910 ## - USER-OPTION DATA (OCLC)
User-option data VMateo V.
942 ## - ADDED ENTRY ELEMENTS (KOHA)
Source of classification or shelving scheme Dewey Decimal Classification
Koha item type Libros
Existencias
Withdrawn status Lost status Source of classification or shelving scheme Damaged status Not for loan Collection code Home library Current library Date acquired Full call number Barcode Date last seen Price effective from Koha item type Copy number Total Checkouts
    Dewey Decimal Classification     Colección de Referencia Dominicana Biblioteca Pública Metropolitana Salomé Ureña Biblioteca Pública Metropolitana Salomé Ureña 11/15/2017 BPMSU CDR R920.97293 N714p 1996 BPMSU17110208 11/15/2017 11/15/2017 Libros    
    Dewey Decimal Classification     Colección de Referencia Dominicana Biblioteca Pública Metropolitana Salomé Ureña Biblioteca Pública Metropolitana Salomé Ureña 03/22/2021 BPMSU CDR R920.97293 N714p 1996 BPMSU21030066 03/22/2021 03/22/2021 Libros e.2  
    Dewey Decimal Classification     Colección de Referencia Dominicana Biblioteca Pública Metropolitana Salomé Ureña Biblioteca Pública Metropolitana Salomé Ureña 03/22/2021 BPMSU CDR R920.97293 N714p 1996 BPMSU26020069 02/12/2026 03/22/2021 Libros e.3